000 00629nam a2200193Ia 4500
003 LDD
008 190117s9999 xx 000 0 und d
020 _a9789381582213
_c₹195
040 _cLDD
041 _ahi
082 _a8S1.09 भा6442बा
100 _aभारती, कँवल
245 0 _aबाल्मीकि-वाणी
_cकँवल भारती
260 _aनई दिल्ली
_bस्वराज प्रकाशन
_c2012
300 _a96पृ.
901 _aTHE-BS
904 _aReqst by : Vimal Thorat
942 _2ddc
_cH
999 _c165401
_d165401